Leonardo da Vinci (Record no. 149583)

MARC details
000 -LEADER
campo de control de longitud fija 00770nam a2200217 i 4500
001 - NÚMERO DE CONTROL
campo de control 149583
003 - IDENTIFICADOR DE NÚMERO DE CONTROL
campo de control ES-MaACL
005 - FECHA Y HORA DE LA ÚLTIMA TRANSACCIÓN
campo de control 20230906203148.0
007 - CAMPO FIJO DE DESCRIPCIÓN FÍSICA--INFORMACIÓN GENERAL
campo de control de longitud fija t|
008 - DATOS DE LONGITUD FIJA--INFORMACIÓN GENERAL
campo de control de longitud fija 071023s1919 it ||||1| ita d
100 1# - ENTRADA PRINCIPAL--NOMBRE DE PERSONA
Nombre de persona Vasari, Giorgio (
Fechas asociadas al nombre 1511-1574)
9 (RLIN) 113257
245 10 - MENCIÓN DEL TÍTULO
Título Leonardo da Vinci
Resto del título : la vita /
Mención de responsabilidad, etc. di Giorgio Vasari ; nuovamente commentata e illustrata con 200 tavole a cura di Giovanni Poggi.
260 ## - PUBLICACIÓN, DISTRIBUCIÓN, ETC.
Lugar de publicación, distribución, etc. Firenze :
Nombre del editor, distribuidor, etc. Luigi Pampaloni,
Fecha de publicación, distribución, etc. 1919.
300 ## - DESCRIPCIÓN FÍSICA
Extensión 63, LXXVI p., 101 gráb. :
Otras características físicas il. ;
Dimensiones 28 cm.
490 1# - MENCIÓN DE SERIE
Mención de serie Collezione d'arte ;
Designación de volumen o secuencia 1
600 14 - PUNTO DE ACCESO ADICIONAL DE MATERIA--NOMBRE DE PERSONA
Nombre de persona Leonardo da Vinci,
Fechas asociadas al nombre 1452-1519
9 (RLIN) 71671
700 1# - ENTRADA AGREGADA--NOMBRE PERSONAL
Nombre de persona Poggi, Giovani.
9 (RLIN) 92725
830 0# - PUNTO DE ACCESO ADICIONAL DE SERIE-TÍTULO UNIFORME
Título uniforme Collezione d'arte ;
Designación de volumen o secuencia 1
9 (RLIN) 221099
852 ## - LOCALIZACIÓN
Ubicación ES-MaACL
Número de control de estantería C-2343
Sublocalización o colección R.4499
Holdings
Estatus retirado Estado de pérdida Estado de daño No para préstamo Biblioteca de origen Biblioteca actual Ubicación en estantería Fecha de adquisición Fuente de adquisición Total de préstamos Signatura topográfica completa Código de barras Visto por última vez Precio de reemplazo Tipo de ítem Koha
        Biblioteca del Ateneo de Madrid Biblioteca del Ateneo de Madrid Sala Palomar 17/01/2008     C-2343 1156096 23/02/2023 23/02/2023 Libro impreso